El obispo Acuña (Record no. 76903)

MARC details
000 -LEADER
campo de control de longitud fija 00583nam a2200181 i 4500
001 - NÚMERO DE CONTROL
campo de control 76903
003 - IDENTIFICADOR DE NÚMERO DE CONTROL
campo de control ES-MaACL
007 - CAMPO FIJO DE DESCRIPCIÓN FÍSICA--INFORMACIÓN GENERAL
campo de control de longitud fija t|
008 - DATOS DE LONGITUD FIJA--INFORMACIÓN GENERAL
campo de control de longitud fija 041005s1983 sp ||||1| spa d
100 1# - ENTRADA PRINCIPAL--NOMBRE DE PERSONA
Nombre de persona Guilarte, Alfonso María.
9 (RLIN) 60684
245 13 - MENCIÓN DEL TÍTULO
Título El obispo Acuña
Resto del título : historia de un comunero /
Mención de responsabilidad, etc. Alfonso Mª Guilarte.
260 ## - PUBLICACIÓN, DISTRIBUCIÓN, ETC.
Lugar de publicación, distribución, etc. [Valladolid] :
Nombre del editor, distribuidor, etc. Ambito,
Fecha de publicación, distribución, etc. [1983]
300 ## - DESCRIPCIÓN FÍSICA
Extensión 159 p. ;
Dimensiones 18 cm.
490 1# - MENCIÓN DE SERIE
Mención de serie Colección ámbito Castilla y León ;
Designación de volumen o secuencia 12
830 0# - PUNTO DE ACCESO ADICIONAL DE SERIE-TÍTULO UNIFORME
Título uniforme Colección ámbito Castilla y León ;
Designación de volumen o secuencia 12
9 (RLIN) 181896
852 ## - LOCALIZACIÓN
Ubicación ES-MaACL
Número de control de estantería L-4724
Sublocalización o colección R.105512
Holdings
Estatus retirado Estado de pérdida Estado de daño No para préstamo Biblioteca de origen Biblioteca actual Ubicación en estantería Fecha de adquisición Fuente de adquisición Total de préstamos Signatura topográfica completa Código de barras Visto por última vez Precio de reemplazo Tipo de ítem Koha
        Biblioteca del Ateneo de Madrid Biblioteca del Ateneo de Madrid Depósito 2 17/01/2008     L-4724 1080469 23/02/2023 23/02/2023 Libro impreso